000 00314nam a22001337a 4500
008 170327b xxu||||| |||| 00| 0 eng d
020 _a0397508921
041 _aeng
080 _a615.83
100 _a8
101 _aSHM
245 _aAIDS ETILOGY DIAGNOSIS TREATMENT AND PREVENTION
_cDEVITA.V.T
942 _2udc
_cBK
999 _c8649
_d8649